[Event "Polofinale MCR juniorek 2024"]
[Site "Hotel Fit Fun, Ryžovište 427, 512 46 Harrachov v Krkonoších"]
[Date "2024.11.14"]
[Round "7"]
[Board "1"]
[White "Štastná, Martina"]
[Black "Pejrimovská, Viola Ruby"]
[Result "1-0"]
[WhiteElo "1948"]
[BlackElo "1850"]
[PlyCount "0"]
[EventDate "2024.11.09"]
[EventRounds "9"]
[EventCountry "CZE"]

1. e4 c5 2. Nf3 Nc6 3. Bb5 g6 4. Bxc6 dxc6 5. d3 Bg7 6. h3 e5 7. Be3 Qe7 8. Qd2 h6
9. Qc3 b6 10. Nbd2 Nf6 11. Qxe5 Be6 12. Qc3 O-O 13. d4 Nxe4 14. Nxe4 Bd5 15. Nxc5
bxc5 16. O-O Bxf3 17. gxf3 Qd7 18. Qxc5 Rab8 19. Kg2 Rb5 20. Qc4 Kh7 21. b3 Rfb8
22. a4 Rh5 23. Rh1 c5 24. c3 Re8 25. Rad1 Qf5 26. Qd3 Qe6 27. dxc5 Qxb3 28. Qb5 Qe6
29. Qd7 Qe5 30. c6 f5 31. c7 f4 32. Bd4 Qg5+ 33. Kh2 Re7 34. c8=Q Bxd4 35. Rxd4  1-0

[Event "Polofinale MCR juniorek 2024"]
[Site "Hotel Fit Fun, Ryžovište 427, 512 46 Harrachov v Krkonoších"]
[Date "2024.11.14"]
[Round "7"]
[Board "2"]
[White "Markina, Sofiia"]
[Black "Buchtová, Viktorie"]
[Result "1-0"]
[WhiteElo "1834"]
[BlackElo "1791"]
[PlyCount "0"]
[EventDate "2024.11.09"]
[EventRounds "9"]
[EventCountry "CZE"]

1. e4 c5 2. Nf3 d6 3. d4 cxd4 4. Nxd4 Nc6 5. Nc3 Nf6 6. Bg5 Nd7 7. Qd2 Qb6 8. Nb3
g6 9. Nd5 Qd8 10. O-O-O h5 11. f4 Nb6 12. Bb5 Bd7 13. Rhf1 a6 14. Bxc6 Bxc6 15. Qd4
Bxd5 16. Qxh8 Bxb3 17. axb3 Qc7 18. f5 gxf5 19. Rxf5 f6 20. Qxh5+ Kd7 21. Bd2 Qc6
22. Qg4 Kc7 23. Rf3 Kb8 24. h4 Ka7 25. h5 d5 26. exd5 Nxd5 27. Qd4+ b6 28. h6 Rc8
29. c3 e5 30. Qg4 f5 31. Qxf5 e4 32. Qxe4 Nxc3 33. Qxc6 Ne2+ 34. Kb1 Rxc6 35. Rxf8
 1-0

[Event "Polofinale MCR juniorek 2024"]
[Site "Hotel Fit Fun, Ryžovište 427, 512 46 Harrachov v Krkonoších"]
[Date "2024.11.14"]
[Round "7"]
[Board "3"]
[White "Šulcová, Tereza Radmila"]
[Black "Sikorová, Jana"]
[Result "1-0"]
[WhiteElo "1879"]
[BlackElo "1885"]
[PlyCount "0"]
[EventDate "2024.11.09"]
[EventRounds "9"]
[EventCountry "CZE"]

1. b3 Nf6 2. Bb2 e6 3. Nf3 b6 4. g3 Bb7 5. Bg2 Be7 6. O-O O-O 7. d3 d5 8. c4 c5 9.
e3 Nbd7 10. Qe2 Rc8 11. Ne1 Qc7 12. f4 e5 13. e4 d4 14. f5 Kh8 15. g4 Ng8 16. Bc1
h6 17. g5 hxg5 18. h4 g4 19. Qxg4 Ndf6 20. Qe2 Nh6 21. Bh3 Rg8 22. Kh2 Rce8 23. Bg5
Qd6 24. Rf2 Nh7 25. Rg2 Bc8 26. Qf3 Nf6 27. Nd2 Bd7 28. Nc2 b5 29. Kh1 Rb8 30. Qf1
a5 31. Na3 b4 32. Nc2 a4 33. Nf3 Ra8 34. Nxe5 Nh5 35. Nf3 Bxg5 36. hxg5 Ng3+ 37.
Rxg3 Qxg3 38. gxh6 gxh6 39. Rd1 Qf4 40. Ng1 Qh4 41. Rd2 Rg3 42. Rh2 Rag8 43. Bg2
Qg5 44. Ne1 Kh7 45. Ne2 Rg4 46. Bh3 axb3 47. axb3  1-0

[Event "Polofinale MCR juniorek 2024"]
[Site "Hotel Fit Fun, Ryžovište 427, 512 46 Harrachov v Krkonoších"]
[Date "2024.11.14"]
[Round "7"]
[Board "4"]
[White "Zádrapová, Amálie"]
[Black "Dorazilová, Kristýna"]
[Result "1/2-1/2"]
[WhiteElo "1882"]
[BlackElo "1764"]
[PlyCount "0"]
[EventDate "2024.11.09"]
[EventRounds "9"]
[EventCountry "CZE"]

1. e4 e5 2. Nf3 Nf6 3. Nxe5 d6 4. Nf3 Nxe4 5. Nc3 Nxc3 6. dxc3 Be7 7. Be3 Nc6 8.
Qd2 Be6 9. O-O-O a6 10. Kb1 Qd7 11. Nd4 O-O-O 12. Nxe6 Qxe6 13. h4 Kb8 14. g3 Bf6
15. Bg2 Ne5 16. Qd4 Nc6 17. Qa4 Qd7 18. Bh3 Qe8 19. Rhe1 Ne5 20. Qd4 Nc6 21. Qd2
Ne5 22. Qd4 Nc6 23. Qf4 Ne5 24. Bd4 Qb5 25. Bf1 Qc6 26. Qf5 Qd7 27. Qxd7 Nxd7 28.
Bxf6 Nxf6 29. Re7 Rd7 30. Rxd7 Nxd7 31. Bc4 Nb6 32. Bd3 Kc8 33. Re1 Kd8 34. Kc1 h6
35. Re4 Re8 36. Rg4 g6 37. Rf4 Re7 38. h5 gxh5 39. Rf6 Nd7 40. Rxh6 Re5 41. Rh7 Ke8
42. Kd2 Rg5 43. Rh8+ Nf8 44. Be2 Ke7 45. Bxh5 Ng6 46. Rh7 Kf8 47. Bxg6 Rxg6 48. Rh8+
Ke7 49. Rb8 b6 50. Rc8 Kd7 51. Rh8 Re6 52. Rh2 Ke7 53. g4 Kf6 54. f3 Re5 55. Re2
Rd5+ 56. Ke3 Kg5 57. Kf2 Kf4 58. Re4+ Kg5 59. Ke3 Rd1 60. a4 Re1+ 61. Kd3 Rd1+ 62.
Ke2 Rc1 63. Re7 Rxc2+ 64. Ke3 Kf6 65. Rxc7 Rxb2 66. Ra7 a5 67. f4 Ra2 68. Rb7 Rxa4
69. Rxb6 Ke6 70. Rc6 Kd7 71. Ra6 Rc4 72. Rxa5 Rxc3+ 73. Ke4 Ke6 74. Kd4 Rc1 75. Rh5
Rd1+ 76. Ke3 Ra1 77. Rh6+ Kd5 78. Rf6 Ra3+ 79. Kd2 Ra7 80. Rh6 Ke4 81. Rxd6  1/2-1/2

[Event "Polofinale MCR juniorek 2024"]
[Site "Hotel Fit Fun, Ryžovište 427, 512 46 Harrachov v Krkonoších"]
[Date "2024.11.14"]
[Round "7"]
[Board "5"]
[White "Cinková, Vicky"]
[Black "Brezíková, Beáta"]
[Result "0-1"]
[WhiteElo "1703"]
[BlackElo "1757"]
[PlyCount "0"]
[EventDate "2024.11.09"]
[EventRounds "9"]
[EventCountry "CZE"]

1. f4 d5 2. Nf3 Nf6 3. b3 g6 4. Bb2 Bg7 5. e3 O-O 6. Be2 c5 7. O-O Nc6 8. d3 Re8
9. Nbd2 Ng4 10. Qc1 Nxe3 11. Re1 Bxb2 12. Qxb2 Qd6 13. g3 Nb4 14. Bd1 d4 15. Ne4
Qd5 16. c4 Nxd3  0-1

[Event "Polofinale MCR juniorek 2024"]
[Site "Hotel Fit Fun, Ryžovište 427, 512 46 Harrachov v Krkonoších"]
[Date "2024.11.14"]
[Round "7"]
[Board "6"]
[White "Šedá, Michaela"]
[Black "Dudková, Josefína"]
[Result "1/2-1/2"]
[WhiteElo "1886"]
[BlackElo "1751"]
[PlyCount "0"]
[EventDate "2024.11.09"]
[EventRounds "9"]
[EventCountry "CZE"]

1. e4 c6 2. d4 d5 3. f3 g6 4. Be3 Bg7 5. e5 Nd7 6. Bd3 c5 7. c3 e6 8. Nd2 Ne7 9.
Ne2 b6 10. O-O a5 11. a4 Ba6 12. Bb5 Nf5 13. Bf2 Bxb5 14. axb5 h5 15. b4 c4 16. bxa5
bxa5 17. Qc2 Nb6 18. Rfb1 a4 19. Nc1 Ra5 20. Na2 Qd7 21. Nb4 Rxb5 22. Na6 O-O 23.
Nc5 Rxb1+ 24. Nxb1 Qa7 25. Na3  1/2-1/2

[Event "Polofinale MCR juniorek 2024"]
[Site "Hotel Fit Fun, Ryžovište 427, 512 46 Harrachov v Krkonoších"]
[Date "2024.11.14"]
[Round "7"]
[Board "7"]
[White "Bártová, Hana"]
[Black "Dudová, Pavlína"]
[Result "1/2-1/2"]
[WhiteElo "1648"]
[BlackElo "1823"]
[PlyCount "87"]
[EventDate "2024.11.09"]
[EventRounds "9"]
[EventCountry "CZE"]

1. e4 e6 2. d4 d5 3. exd5 exd5 4. Nf3 Bd6 5. c4 c6 6. Bd3 Ne7 7. O-O Bg4 8. c5 Bc7
9. Re1 Nd7 10. Qe2 h6 11. h3 Be6 12. Nh4 Nf6 13. Nf5 Nxf5 14. Bxf5 Qd7 15. Bxe6 fxe6
16. Qxe6+ Qxe6 17. Rxe6+ Kf7 18. Re3 Rhe8 19. Nc3 Rxe3 20. Bxe3 Re8 21. Re1 Ne4 22.
Nxe4 Rxe4 23. f3 Re6 24. Kf2 Rg6 25. f4 Rf6 26. Kf3 g5 27. g3 gxf4 28. Bxf4 b6 29.
b4 b5 30. a4 a6 31. axb5 axb5 32. Ke3 Bxf4+ 33. gxf4 Re6+ 34. Kf2 Rxe1 35. Kxe1 Kf6
36. Kf2 Kg6 37. Kg3 Kf5 38. Kf3 h5 39. Ke3 Kf6 40. Kf2 h4 41. Ke2 Kg6 42. Ke3 Kf6
43. Kf2 Kg6 44. Kf3  1/2-1/2

[Event "Polofinale MCR juniorek 2024"]
[Site "Hotel Fit Fun, Ryžovište 427, 512 46 Harrachov v Krkonoších"]
[Date "2024.11.14"]
[Round "7"]
[Board "8"]
[White "Nesporá, Tatána"]
[Black "Hosová, Sandra"]
[Result "1-0"]
[WhiteElo "1730"]
[BlackElo "1854"]
[PlyCount "51"]
[EventDate "2024.11.09"]
[EventRounds "9"]
[EventCountry "CZE"]

1. e4 c5 2. d4 cxd4 3. c3 dxc3 4. Nxc3 Nc6 5. Nf3 g6 6. Bc4 Bg7 7. O-O Nf6 8. e5
Ng8 9. Qe2 Nh6 10. Rd1 Qa5 11. Nd5 O-O 12. b4 Qd8 13. b5 Na5 14. Bg5 Re8 15. Rac1
b6 16. Nc7 Nxc4 17. Qxc4 Bb7 18. e6 d5 19. Qf4 Nf5 20. exf7+ Kxf7 21. Nxe8 Kxe8 22.
Rc7 h6 23. Bxe7 Nxe7 24. Rxb7 a6 25. Re1 Bf8 26. Ne5  1-0

[Event "Polofinale MCR juniorek 2024"]
[Site "Hotel Fit Fun, Ryžovište 427, 512 46 Harrachov v Krkonoších"]
[Date "2024.11.14"]
[Round "7"]
[Board "9"]
[White "Kavanová, Anežka"]
[Black "Štávová, Helena"]
[Result "1-0"]
[WhiteElo "1710"]
[BlackElo "1652"]
[PlyCount "71"]
[EventDate "2024.11.09"]
[EventRounds "9"]
[EventCountry "CZE"]

1. e4 e5 2. Nf3 Nf6 3. Nxe5 d6 4. Nf3 Nxe4 5. d4 d5 6. Bd3 Bd6 7. O-O O-O 8. c4 c6
9. Qc2 Nf6 10. c5 Be7 11. Bf4 Na6 12. a3 Nc7 13. Nbd2 Ne6 14. Be5 g6 15. Rfe1 Ng7
16. Nf1 Bf5 17. Ng3 Bxd3 18. Qxd3 Re8 19. b4 a6 20. Re2 Ne6 21. Qd2 Bf8 22. Rae1
Bg7 23. Bd6 h6 24. Ne5 Qc8 25. f4 g5 26. fxg5 Nxg5 27. Qf4 Ne6 28. Qf2 Ng5 29. Nf5
Nfe4 30. Qf4 Qe6 31. h4 Nh7 32. Qg4 Qf6 33. Rf1 Kh8 34. Ne7 Qe6 35. Qxe6 fxe6 36.
N5g6#  1-0

[Event "Polofinale MCR juniorek 2024"]
[Site "Hotel Fit Fun, Ryžovište 427, 512 46 Harrachov v Krkonoších"]
[Date "2024.11.14"]
[Round "7"]
[Board "10"]
[White "Dominiková, Denisa"]
[Black "Semová, Lada"]
[Result "0-1"]
[WhiteElo "1696"]
[BlackElo "1643"]
[PlyCount "92"]
[EventDate "2024.11.09"]
[EventRounds "9"]
[EventCountry "CZE"]

1. e4 e5 2. Nf3 Nc6 3. Bb5 Bc5 4. O-O d6 5. c3 a6 6. Bxc6+ bxc6 7. d4 exd4 8. cxd4
Bb6 9. h3 Ne7 10. Nc3 O-O 11. Bf4 Ng6 12. Bg3 f5 13. exf5 Bxf5 14. Re1 Qd7 15. Qb3+
Kh8 16. Ne4 Rab8 17. Qc3 Rbe8 18. Ned2 Be6 19. Re3 Bd5 20. b4 Ra8 21. a3 Nf4 22.
Bxf4 Rxf4 23. Rae1 Raf8 24. Qd3 Qf5 25. Qxa6 Bxd4 26. Nxd4 Rxd4 27. Nf3 Rf4 28. Qe2
Kg8 29. Qd3 Qh5 30. Kh2 Bxf3 31. gxf3 Rh4 32. f4 Rhxf4 33. Rg1 Rxf2+ 34. Kh1 R2f3
35. Rxf3 Qxf3+ 36. Qxf3 Rxf3 37. Rd1 Rxh3+ 38. Kg2 Rb3 39. a4 Rxb4 40. a5 Rb7 41.
Kf3 Kf7 42. Rc1 c5 43. Ke4 Ke6 44. Rg1 c6 45. Kd3 d5 46. Kc3 g6  0-1

[Event "Polofinale MCR juniorek 2024"]
[Site "Hotel Fit Fun, Ryžovište 427, 512 46 Harrachov v Krkonoších"]
[Date "2024.11.14"]
[Round "7"]
[Board "11"]
[White "Martinkovicová, Nela"]
[Black "Herynková, Barbora"]
[Result "0-1"]
[WhiteElo "1537"]
[BlackElo "1654"]
[PlyCount "92"]
[EventDate "2024.11.09"]
[EventRounds "9"]
[EventCountry "CZE"]

1. e4 c6 2. d4 d5 3. e5 c5 4. f4 cxd4 5. Nd2 Nc6 6. Nb3 Qb6 7. Bd3 Nh6 8. Nf3 Bg4
9. Be2 Bxf3 10. Bxf3 e6 11. a3 Be7 12. Qd3 a5 13. a4 O-O 14. Bd2 Nf5 15. O-O-O Bb4
16. Rhe1 Bxd2+ 17. Rxd2 Rac8 18. g4 Nb4 19. Qb5 Qc7 20. gxf5 Nxc2 21. Kd1 Nxe1 22.
Kxe1 exf5 23. Qxa5 Qe7 24. Qxd5 Qh4+ 25. Kf1 Qxf4 26. Rf2 Qe3 27. Re2 Qd3 28. Kf2
Rfd8 29. Qb5 Qb1 30. Nd2 Qc1 31. Nb3 Qg5 32. Qxb7 d3 33. Rd2 Rc2 34. Qb4 Rdc8 35.
Kf1 Qe3 36. Bd1 R2c4 37. Qb5 Rf4+ 38. Kg2 Qe4+ 39. Kg1 Qe1+ 40. Kg2 Qf1+ 41. Kg3
h5 42. Bxh5 g6 43. Bd1 Rcc4 44. Qe8+ Kg7 45. e6 Rg4+ 46. Bxg4 Rxg4#  0-1

[Event "Polofinale MCR juniorek 2024"]
[Site "Hotel Fit Fun, Ryžovište 427, 512 46 Harrachov v Krkonoších"]
[Date "2024.11.14"]
[Round "7"]
[Board "12"]
[White "Mácová, Markéta"]
[Black "Štávová, Markéta"]
[Result "0-1"]
[WhiteElo "1586"]
[BlackElo "1633"]
[PlyCount "116"]
[EventDate "2024.11.09"]
[EventRounds "9"]
[EventCountry "CZE"]

1. e4 c5 2. Nf3 Nc6 3. d4 cxd4 4. Nxd4 g6 5. Nc3 Bg7 6. Be3 Nf6 7. Be2 d6 8. Qd2
Ng4 9. Bxg4 Bxg4 10. f3 Be6 11. O-O-O O-O 12. h4 Qa5 13. h5 Nxd4 14. Bxd4 Bxd4 15.
Qxd4 Rac8 16. hxg6 Qg5+ 17. Kb1 Qxg6 18. f4 Bd7 19. f5 Qg5 20. Rh3 f6 21. Rdh1 Rf7
22. Qf2 Rg7 23. Nd5 Re8 24. Rh5 Qg4 25. R5h4 Qxg2 26. Qxg2 Rxg2 27. Rxh7 Rg7 28.
R7h4 Kf7 29. Nf4 Reg8 30. Ng6 e6 31. Rf1 exf5 32. exf5 Bxf5 33. Rxf5 Rxg6 34. b3
Rg5 35. Rff4 Re5 36. Rc4 Kg6 37. Kb2 Rg7 38. a4 f5 39. Rhd4 Rd7 40. Ka3 Kf6 41. Kb2
Ke6 42. Rh4 d5 43. Rcd4 Re4 44. Rh6+ Ke5 45. Rd3 d4 46. Rd2 Re3 47. Kb1 d3 48. cxd3
Rdxd3 49. Rb2 Rxb3 50. Rxb3 Rxb3+ 51. Kc2 Rb4 52. Rh7 f4 53. Kd2 Ke4 54. Ke1 Kf3
55. Rh3+ Kg2 56. Ra3 Re4+ 57. Kd1 f3 58. Ra2+ f2  0-1

[Event "Polofinale MCR juniorek 2024"]
[Site "Hotel Fit Fun, Ryžovište 427, 512 46 Harrachov v Krkonoších"]
[Date "2024.11.15"]
[Round "8"]
[Board "1"]
[White "Pejrimovská, Viola Ruby"]
[Black "Brezíková, Beáta"]
[Result "0-1"]
[WhiteElo "1850"]
[BlackElo "1757"]
[PlyCount "0"]
[EventDate "2024.11.09"]
[EventRounds "9"]
[EventCountry "CZE"]

1. e4 e5 2. Nf3 Nc6 3. Nc3 Nf6 4. d4 exd4 5. Nd5 Nb4 6. Nxf6+ Qxf6 7. Bc4 Bc5 8.
O-O O-O 9. e5 Qg6 10. c3 dxc3 11. bxc3 Nc6 12. Re1 d6 13. Bd3 Qg4 14. Re4 Qd7 15.
Rh4 h6 16. Ng5 Nxe5 17. Nh7 Nxd3 18. Qxd3 Re8 19. g4 Re1+ 20. Kg2 Qc6+ 21. f3 Rg1+
22. Kh3 Bf2 23. Bxh6 Rxa1 24. Ng5 g6 25. Ne4 Bxh4 26. Qd4 f6 27. Kxh4 d5 28. Nxf6+
Kf7 29. Ng8 g5+ 30. Kh3 Qg6 31. f4 Qh5+ 32. Kg3 Qxg4+ 33. Kf2 Rxa2+  0-1

[Event "Polofinale MCR juniorek 2024"]
[Site "Hotel Fit Fun, Ryžovište 427, 512 46 Harrachov v Krkonoších"]
[Date "2024.11.15"]
[Round "8"]
[Board "2"]
[White "Štastná, Martina"]
[Black "Šulcová, Tereza Radmila"]
[Result "1-0"]
[WhiteElo "1948"]
[BlackElo "1879"]
[PlyCount "0"]
[EventDate "2024.11.09"]
[EventRounds "9"]
[EventCountry "CZE"]

1. e4 g6 2. d4 Bg7 3. Nc3 d6 4. f4 a6 5. a4 Nc6 6. Nf3 Bg4 7. Be3 e5 8. fxe5 dxe5
9. d5 Nd4 10. Be2 Nxe2 11. Qxe2 Qd6 12. h3 Bd7 13. Qc4 c6 14. Bc5 cxd5 15. exd5 Qc7
16. Ng5 Nh6 17. Nce4 b6 18. Nd6+ Kd8 19. Ngxf7+ Nxf7 20. Nxf7+ Ke8 21. Nd6+ Kd8 22.
Qh4+  1-0

[Event "Polofinale MCR juniorek 2024"]
[Site "Hotel Fit Fun, Ryžovište 427, 512 46 Harrachov v Krkonoších"]
[Date "2024.11.15"]
[Round "8"]
[Board "3"]
[White "Dorazilová, Kristýna"]
[Black "Markina, Sofiia"]
[Result "1/2-1/2"]
[WhiteElo "1764"]
[BlackElo "1834"]
[PlyCount "0"]
[EventDate "2024.11.09"]
[EventRounds "9"]
[EventCountry "CZE"]

1. b3 d5 2. Bb2 Bg4 3. h3 Bh5 4. g4 Bg6 5. Bg2 c6 6. Nf3 Nd7 7. d3 e6 8. Nbd2 f6
9. a3 Bd6 10. c4 a5 11. e4 Ne7 12. Qe2 e5 13. d4 dxe4 14. Nxe4 Bxe4 15. Qxe4 O-O
16. O-O-O Ng6 17. h4 Qe7 18. a4 Ba3 19. d5 Bxb2+ 20. Kxb2 Nc5 21. Qe3 b5 22. d6 Qa7
23. axb5 cxb5 24. Nd2 Nf4 25. Bxa8 Ncd3+ 26. Kc2 Qxa8 27. Qf3 Qa6 28. cxb5 Qxb5 29.
Nc4 a4 30. Rxd3 axb3+ 31. Rxb3 Qxc4+ 32. Rc3 Qa4+ 33. Kd2 Qd4+ 34. Kc2 Qa4+  1/2-1/2

[Event "Polofinale MCR juniorek 2024"]
[Site "Hotel Fit Fun, Ryžovište 427, 512 46 Harrachov v Krkonoších"]
[Date "2024.11.15"]
[Round "8"]
[Board "4"]
[White "Buchtová, Viktorie"]
[Black "Zádrapová, Amálie"]
[Result "0-1"]
[WhiteElo "1791"]
[BlackElo "1882"]
[PlyCount "0"]
[EventDate "2024.11.09"]
[EventRounds "9"]
[EventCountry "CZE"]

1. e4 c5 2. Nf3 d6 3. d4 cxd4 4. Nxd4 Nf6 5. Nc3 a6 6. Be2 e5 7. Nb3 Be6 8. Be3 Nbd7
9. Qd3 b5 10. O-O-O Rc8 11. Nd5 Bxd5 12. exd5 Nb6 13. Bf3 Nc4 14. g4 Be7 15. g5 Nd7
16. h4 a5 17. Nd2 a4 18. Nxc4 bxc4 19. Qc3 a3 20. Qxa3 Ra8 21. Qb4 Rxa2 22. Qxc4
Ra8 23. c3 O-O 24. Kc2 f5 25. gxf6 Nxf6 26. Bg4 Qe8 27. Be6+ Kh8 28. Ra1 Qg6+ 29.
Qd3 e4 30. Qc4 Ng4 31. Bxg4 Qxg4 32. Rag1 Qf5 33. Qe2 Qxd5 34. Rg4 Rfb8 35. Rb1 Bf6
36. Qd2 Qe6 37. Rgg1 Qb3+ 38. Kc1 Bxc3 39. Qxc3 Rc8 40. Bd4 Rxc3+ 41. bxc3 Qa3+ 42.
Kd2 Qa2+ 43. Ke3 Qc2 44. Bxg7+ Kg8 45. Rbd1 Ra2 46. Bd4+ Kf8 47. Kf4 Qe2 48. Kg3
Ra5 49. Kh3 Qf3+ 50. Kh2 Rh5  0-1

[Event "Polofinale MCR juniorek 2024"]
[Site "Hotel Fit Fun, Ryžovište 427, 512 46 Harrachov v Krkonoších"]
[Date "2024.11.15"]
[Round "8"]
[Board "5"]
[White "Semová, Lada"]
[Black "Šedá, Michaela"]
[Result "0-1"]
[WhiteElo "1643"]
[BlackElo "1886"]
[PlyCount "61"]
[EventDate "2024.11.09"]
[EventRounds "9"]
[EventCountry "CZE"]

1. e4 e5 2. Bc4 Nf6 3. d3 d5 4. exd5 Nxd5 5. Qh5 Nc6 6. Nc3 Be6 7. Bb5 Bd6 8. Bg5
Qd7 9. Qf3 Ndb4 10. Ba4 O-O 11. Nge2 Bg4 12. Qe4 Qc8 13. a3 Na6 14. Bxc6 bxc6 15.
Qxc6 Rb8 16. b4 Bxe2 17. Nxe2 Bxb4+ 18. axb4 Nxb4 19. Qc4 Qb7 20. O-O Rfe8 21. Ng3
a5 22. Rxa5 Qb6 23. Rc5 c6 24. Bd2 Nd5 25. Rxc6 Qd8 26. Ra1 Qd7 27. Raa6 Nf4 28.
f3 Rb1+ 29. Kf2 Nh3+ 30. Ke3 Nf4 31. Qa2  0-1

[Event "Polofinale MCR juniorek 2024"]
[Site "Hotel Fit Fun, Ryžovište 427, 512 46 Harrachov v Krkonoších"]
[Date "2024.11.15"]
[Round "8"]
[Board "6"]
[White "Sikorová, Jana"]
[Black "Bártová, Hana"]
[Result "0-1"]
[WhiteElo "1885"]
[BlackElo "1648"]
[PlyCount "0"]
[EventDate "2024.11.09"]
[EventRounds "9"]
[EventCountry "CZE"]

1. d4 e6 2. c4 Nf6 3. Nf3 b6 4. a3 Ba6 5. e3 d5 6. Nbd2 Be7 7. Be2 O-O 8. O-O c5
9. dxc5 bxc5 10. cxd5 Bxe2 11. Qxe2 exd5 12. b3 Nc6 13. Bb2 Qb6 14. Rab1 Rfe8 15.
Qd3 Rad8 16. Rfd1 a5 17. Ne5 a4 18. bxa4 c4 19. Qc2 Nxe5 20. Bxe5 Qe6 21. Bb2 Bd6
22. Nf3 Ne4 23. h3 Bb8 24. Bc3 f5 25. Rb7 Rd7 26. Rxd7 Qxd7 27. Bb4 f4 28. exf4 Bxf4
29. Qxc4 dxc4 30. Rxd7 c3 31. Nd4 Nc5 32. g3 Nxd7 33. gxf4 Rc8 34. Nc2 Nb6 35. a5
Nd5 36. Bd6 Rc6 37. Be5 Ra6 38. Kf1 Rxa5 39. Ke2 Ra4 40. Kf3 Kf7 41. Bd6 Rc4 42.
Be5 g6 43. Kg4 h5+ 44. Kg5 Re4 45. Nd4 Nxf4 46. Bxf4 Rxd4 47. Be3 c2 48. f4 Rd1  0-1

[Event "Polofinale MCR juniorek 2024"]
[Site "Hotel Fit Fun, Ryžovište 427, 512 46 Harrachov v Krkonoších"]
[Date "2024.11.15"]
[Round "8"]
[Board "7"]
[White "Dudová, Pavlína"]
[Black "Kavanová, Anežka"]
[Result "0-1"]
[WhiteElo "1823"]
[BlackElo "1710"]
[PlyCount "142"]
[EventDate "2024.11.09"]
[EventRounds "9"]
[EventCountry "CZE"]

1. e4 e6 2. d4 d5 3. e5 c5 4. c3 Qb6 5. Nf3 Bd7 6. Be2 Bb5 7. O-O Bxe2 8. Qxe2 Nc6
9. Be3 cxd4 10. cxd4 Nge7 11. Nc3 Nf5 12. Qd2 Bb4 13. Rac1 Na5 14. b3 O-O 15. Qd3
Ba3 16. Rc2 Nc6 17. Na4 Qa5 18. Bd2 Bb4 19. Rc5 Qd8 20. Bxb4 Nxb4 21. Qd2 Na6 22.
Rc2 Qd7 23. Rfc1 Rfc8 24. Rc3 Ne7 25. Ne1 Rxc3 26. Rxc3 Rc8 27. Nd3 Rxc3 28. Qxc3
Qc7 29. Ndc5 Nxc5 30. Nxc5 Nf5 31. g4 Nh4 32. Qb2 Qa5 33. Nd3 g5 34. b4 Qa4 35. Qe2
Qa3 36. h3 Qc3 37. Qe3 h6 38. Kh2 Qxd4 39. Qxd4 Nf3+ 40. Kg3 Nxd4 41. h4 Kg7 42.
h5 Ne2+ 43. Kf3 Nc3 44. a3 b5 45. Nb2 f6 46. exf6+ Kxf6 47. Ke3 e5 48. f3 Na4 49.
Nd3 Nb6 50. Nc5 Nc4+ 51. Kd3 Nxa3 52. Nd7+ Ke6 53. Nf8+ Kf7 54. Nd7 Nc4 55. Nb8 a5
56. bxa5 Nxa5 57. Na6 Nb3 58. Nc7 Nd4 59. Nxd5 Nxf3 60. Ke4 Nh2 61. Kxe5 Nxg4+ 62.
Kf5 Nf2 63. Nc3 g4 64. Kf4 Ke6 65. Kg3 Kf5 66. Kxf2 Kg5 67. Kg3 Kxh5 68. Nd5 Kg5
69. Ne3 h5 70. Nf1 h4+ 71. Kg2 Kf4  0-1

[Event "Polofinale MCR juniorek 2024"]
[Site "Hotel Fit Fun, Ryžovište 427, 512 46 Harrachov v Krkonoších"]
[Date "2024.11.15"]
[Round "8"]
[Board "8"]
[White "Nesporá, Tatána"]
[Black "Dudková, Josefína"]
[Result "1-0"]
[WhiteElo "1730"]
[BlackElo "1751"]
[PlyCount "99"]
[EventDate "2024.11.09"]
[EventRounds "9"]
[EventCountry "CZE"]

1. e4 c6 2. d4 d5 3. e5 c5 4. c3 Bf5 5. Bd3 Bxd3 6. Qxd3 c4 7. Qc2 e6 8. Nf3 Ne7
9. Bg5 h6 10. Bh4 g5 11. Bg3 Nf5 12. Nbd2 Nc6 13. Nf1 Qa5 14. Ne3 Nfxd4 15. Nxd4
Nxd4 16. Qd1 Nf5 17. Ng4 O-O-O 18. Nf6 d4 19. O-O Nxg3 20. fxg3 Qxe5 21. Qa4 Qe3+
22. Kh1 d3 23. Rae1 Qb6 24. Qxc4+ Kb8 25. Rd1 d2 26. Ne4 f5 27. Nxd2 Qc6 28. Qe2
Bg7 29. Nc4 Rhf8 30. Rfe1 Rxd1 31. Rxd1 Re8 32. Rd6 Qe4 33. Qxe4 fxe4 34. Rd7 Bf8
35. Nd6 Bxd6 36. Rxd6 e3 37. Kg1 Kc7 38. Rd1 Rf8 39. Rf1 Rd8 40. Re1 Rd3 41. Kf1
e5 42. Ke2 e4 43. Rd1 Rxd1 44. Kxd1 Kd6 45. Ke2 a6 46. Kxe3 Ke5 47. c4 b6 48. b4
a5 49. a3 a4 50. g4  1-0

[Event "Polofinale MCR juniorek 2024"]
[Site "Hotel Fit Fun, Ryžovište 427, 512 46 Harrachov v Krkonoších"]
[Date "2024.11.15"]
[Round "8"]
[Board "9"]
[White "Herynková, Barbora"]
[Black "Cinková, Vicky"]
[Result "1-0"]
[WhiteElo "1654"]
[BlackElo "1703"]
[PlyCount "67"]
[EventDate "2024.11.09"]
[EventRounds "9"]
[EventCountry "CZE"]

1. d4 d5 2. c4 e6 3. Nf3 f5 4. Nc3 c6 5. Bf4 Bd6 6. Bxd6 Qxd6 7. e3 Nf6 8. Bd3 Nbd7
9. cxd5 Nxd5 10. Nxd5 Qxd5 11. O-O Nf6 12. Ne5 g5 13. Bc4 Qd6 14. a4 h5 15. Qb3 h4
16. f4 gxf4 17. Rxf4 h3 18. g3 Rb8 19. Rd1 b6 20. Rf3 c5 21. Bb5+ Nd7 22. Nxd7 Bxd7
23. dxc5 Qe5 24. Rxd7 O-O 25. Qc3 Qxc3 26. bxc3 bxc5 27. Rxa7 Rfd8 28. Rf4 Rd1+ 29.
Kf2 Rbd8 30. Rh4 R8d2+ 31. Kf3 Rxh2 32. Kf4 Rf2+ 33. Ke5 h2 34. Kf6  1-0

[Event "Polofinale MCR juniorek 2024"]
[Site "Hotel Fit Fun, Ryžovište 427, 512 46 Harrachov v Krkonoších"]
[Date "2024.11.15"]
[Round "8"]
[Board "10"]
[White "Hosová, Sandra"]
[Black "Martinkovicová, Nela"]
[Result "1-0"]
[WhiteElo "1854"]
[BlackElo "1537"]
[PlyCount "67"]
[EventDate "2024.11.09"]
[EventRounds "9"]
[EventCountry "CZE"]

1. d4 Nf6 2. Bf4 e6 3. Nf3 c5 4. e3 cxd4 5. exd4 Qb6 6. Qc1 Bd6 7. Bxd6 Qxd6 8. Bd3
Nc6 9. c3 O-O 10. O-O a6 11. a4 Qb8 12. Nbd2 d5 13. Qe1 Re8 14. Ne5 Qc7 15. f4 Bd7
16. Qh4 h6 17. g4 Qd8 18. g5 Nh7 19. Bxh7+ Kxh7 20. Nxf7 Qe7 21. Ne5 Nxe5 22. dxe5
Qc5+ 23. Kh1 Qe7 24. Nf3 Rac8 25. Qh5 Qf8 26. Qh4 Qe7 27. Rg1 Bc6 28. Nd4 Rc7 29.
Qh5 Qf8 30. gxh6 gxh6 31. Qg6+ Kh8 32. Rg4 Rh7 33. Rag1 Ree7 34. Qg8+  1-0

[Event "Polofinale MCR juniorek 2024"]
[Site "Hotel Fit Fun, Ryžovište 427, 512 46 Harrachov v Krkonoších"]
[Date "2024.11.15"]
[Round "8"]
[Board "11"]
[White "Štávová, Markéta"]
[Black "Štávová, Helena"]
[Result "1/2-1/2"]
[WhiteElo "1633"]
[BlackElo "1652"]
[PlyCount "62"]
[EventDate "2024.11.09"]
[EventRounds "9"]
[EventCountry "CZE"]

1. b4 e6 2. Bb2 Nf6 3. b5 c6 4. a4 cxb5 5. axb5 Be7 6. e3 O-O 7. Be2 d5 8. Nf3 Nbd7
9. O-O Nb6 10. d3 Bd7 11. c4 Qc7 12. Qb3 a6 13. Nbd2 axb5 14. cxb5 Qc5 15. d4 Qb4
16. Qxb4 Bxb4 17. Rfc1 Na4 18. Rc2 Rfd8 19. Bd3 Be8 20. Nb3 Nd7 21. Ba3 Bxa3 22.
Rxa3 Ndb6 23. Nfd2 Rac8 24. Nc5 Nxc5 25. dxc5 Nc4 26. Nxc4 dxc4 27. Rxc4 Bxb5 28.
Rd4 Bxd3 29. Raxd3 Rxd4 30. exd4 Kf8 31. f4 Ke7  1/2-1/2